Countryside lobby praises 'ambitious proposals' (Record no. 65421)

MARC details
000 -LEADER
fixed length control field 00867cam a2200205 4500
001 - CONTROL NUMBER
control field WB3647-30
008 - FIXED-LENGTH DATA ELEMENTS--GENERAL INFORMATION
fixed length control field 000000n2000 000 0 eng u
035 ## - SYSTEM CONTROL NUMBER
System control number (Sirsi) u109589
245 ## - TITLE STATEMENT
Title Countryside lobby praises 'ambitious proposals'
260 ## - PUBLICATION, DISTRIBUTION, ETC.
Date of publication, distribution, etc. 2000
490 ## - SERIES STATEMENT
Series statement Financial Times
Volume/sequential designation 29 November 2000, 4(1)
520 ## - SUMMARY, ETC.
Summary, etc. Describes how the rural white paper on improving rural life has been met with approval by countryside groups. The paper includes proposals to double specified rural spending and plans to commit £1bn to farming and rural programmes over the next 3 years. "Our Countryside: the Future" available from the Stationery Office, £28. www.detr.gov.uk
590 ## - LOCAL NOTE (RLIN)
Local note WB
650 ## - SUBJECT ADDED ENTRY--TOPICAL TERM
Topical term or geographic name entry element RURAL COMMUNITIES
650 ## - SUBJECT ADDED ENTRY--TOPICAL TERM
Topical term or geographic name entry element RURAL REGENERATION
650 ## - SUBJECT ADDED ENTRY--TOPICAL TERM
Topical term or geographic name entry element RURAL WHITE PAPER
650 ## - SUBJECT ADDED ENTRY--TOPICAL TERM
Topical term or geographic name entry element RURAL DEPRIVATION
690 ## - LOCAL SUBJECT ADDED ENTRY--TOPICAL TERM (OCLC, RLIN)
Topical term or geographic name as entry element Rural
9 (RLIN) 6268
942 ## - ADDED ENTRY ELEMENTS (KOHA)
Suppress in OPAC 0
Holdings
Withdrawn status Lost status Source of classification or shelving scheme Damaged status Not for loan Home library Current library Shelving location Date acquired Total Checkouts Full call number Barcode Date last seen Copy number Price effective from Koha item type
    Dewey Decimal Classification     London London News article 29/11/2000   WB3647-30 109589-1001 06/08/2019 1 06/08/2019 News article